[Event "SLO-ch U16"]
[Site "Murska Sobota"]
[Date "2006.02.27"]
[Round "4"]
[White "Zeko, Daniel"]
[Black "Jereb, Jaka"]
[Result "0-1"]
[WhiteElo "1500"]
[BlackElo "1563"]
[PlyCount "94"]
[EventDate "2006.02.26"]
[EventType "swiss"]
[EventRounds "9"]
[EventCountry "SLO"]
[SourceTitle "EXT 2009"]
[Source "ChessBase"]
[SourceDate "2008.11.26"]
[SourceVersion "1"]
[SourceVersionDate "2008.11.26"]
[SourceQuality "1"]

1. e4 e5 2. Nf3 Nc6 3. Bc4 Bc5 4. 0-0 Nf6 5. Nc3 0-0 6. Nd5 Nxd5 7. Bxd5 d6 8. h3 Qf6 9. d3 Qg6 10. Ng5 h6 11. Bxf7+ Rxf7 12. Nxf7 Qxf7 13. Be3 Bb6 14. Qe2 Qg6 15. g4 Be6 16. Bxb6 axb6 17. f4 Qf6 18. f5 Bf7 19. b3 Qh4 20. Rf3 Nd4 21. Qf2 Nxf3+ 22. Qxf3 c5 23. Kg2 Qg5 24. Qf2 Rf8 25. Kg3 g6 26. Rf1 gxf5 27. exf5 h5 28. c3 h4+ 29. Kh2 Ra8 30. c4 Qf4+ 31. Kh1 Qxf2 32. Rxf2 Kg7 33. a4 Kf6 34. Re2 Kg5 35. Re4 Rd8 36. Kg2 Kf6 37. Re3 d5 38. cxd5 Rxd5 39. Kf3 Rd4 40. Re2 Bxb3 41. Rb2 Rxd3+ 42. Kg2 c4 43. Kh2 Rc3 44. Rb1 Rc2+ 45. Kg1 Rd2 46. Kf1 Rd1+ 47. Rxd1 Bxd1 0-1